[Event "Portugal Open 2017"]
[Site "masterchessopen.com Lisbon POR"]
[Date "2017.02.09"]
[Round "8.11"]
[White "Can,Isik"]
[Black "Burmakin,V"]
[Result "0-1"]
[WhiteElo "2173"]
[BlackElo "2527"]

1.e4 c6 2.d4 d5 3.e5 Bf5 4.Nf3 e6 5.Be2 Ne7 6.O-O Nc8 7.b3 Be7 8.c4 O-O 9.Nc3
Nd7 10.Bd3 Bxd3 11.Qxd3 f5 12.Ne2 Rf7 13.g3 Nf8 14.h4 h6 15.h5 Bg5 16.Bf4 Nh7
17.Kg2 Nb6 18.Rfd1 Nd7 19.Rac1 Ndf8 20.Rc2 Rd7 21.Qd2 Be7 22.Be3 Ng5 23.Nxg5
Bxg5 24.Qc1 Be7 25.Nf4 Qe8 26.Rh1 Bg5 27.Ne2 Nh7 28.f4 Be7 29.c5 g5 30.hxg6
Qxg6 31.Qf1 b6 32.cxb6 axb6 33.Rxc6 Rxa2 34.Qf3 b5 35.Kf2 Nf8 36.Rb1 Rda7
37.Bc1 Qe8 38.Rc3 Bb4 39.Rd3 Qc6 40.Rb2 Rxb2 41.Bxb2 Qc2 42.Bc3 Ba3 43.Be1 b4
44.Rd2 Qc6 45.Qd3 Rc7 46.Qf3 Qe8 47.Qd3 Qc6 48.Qf3 Kh7 49.Qd3 Ng6 50.Ra2 Kg7
51.Rd2 Ne7 52.Ra2 h5 53.Ke3 Ng6 54.Kd2 Kh6 55.Rc2 Qxc2+ 56.Qxc2 Rxc2+ 57.Kxc2
h4 58.gxh4 Kh5 59.Kd3 Nxh4 60.Bd2 Ng2 61.Nc1 Bxc1 62.Bxc1 Kg4 63.Bd2 Nxf4+
64.Ke3 Nh3 65.Ke2 f4 66.Bxb4 f3+ 67.Kf1 Nf4 68.Bd6 Ne2 69.Bc5 Kf4 70.Kf2 Ke4
71.b4 Nxd4 72.Bd6 Nb5 73.Bc5 d4 74.Bb6 Nc3 75.Bd8 Kf4 {#R} 0-1

[Event "Portugal Open 2017"]
[Site "masterchessopen.com Lisbon POR"]
[Date "2017.02.09"]
[Round "8.12"]
[White "Galego,L"]
[Black "Suarez Uriel,A"]
[Result "1-0"]
[WhiteElo "2478"]
[BlackElo "2389"]

1.e4 c5 2.Nf3 Nc6 3.Nc3 g6 4.g3 Bg7 5.Bg2 d6 6.d3 e6 7.O-O Nge7 8.Nh4 O-O 9.f4
f5 10.Be3 Nd4 11.Qd2 Rb8 12.Nd1 e5 13.fxe5 dxe5 14.c3 Ne6 15.exf5 gxf5 16.Bh6
Bxh6 17.Qxh6 Qxd3 18.Nf2 Qa6 19.Ng4 Ng7 20.Qg5 Ng6 21.Nxg6 Qxg6 22.Qxg6 hxg6
23.Nxe5 Rf6 24.Rad1 Be6 25.Nd7 Bxd7 26.Rxd7 Rb6 27.Re1 Nh5 28.b3 Nf6 29.Rc7
Rd6 30.Bxb7 a5 31.Re2 c4 32.bxc4 Ne4 33.Kg2 Nxc3 34.Ree7 Rf6 35.c5 Ne4 36.Rg7+
Kf8 37.Rh7 Ke8 38.Rh8+ {#r} 1-0

[Event "Portugal Open 2017"]
[Site "masterchessopen.com Lisbon POR"]
[Date "2017.02.09"]
[Round "8.13"]
[White "Martin Duque,J"]
[Black "Alvarez Marquez,J"]
[Result "1-0"]
[WhiteElo "2312"]
[BlackElo "2398"]

1.e4 c5 2.Nf3 Nc6 3.d4 cxd4 4.Nxd4 Nf6 5.Nc3 d6 6.Bg5 Bd7 7.Qd2 Rc8 8.O-O-O
Nxd4 9.Qxd4 Qa5 10.Bd2 Qc5 11.Qxc5 dxc5 12.f3 g6 13.Be3 Nh5 14.Bc4 e6 15.g4
Ng7 16.Rxd7 Kxd7 17.Rd1+ Ke7 18.Bb5 Rc7 19.Bf4 Rc6 20.Bxc6 bxc6 21.e5 Ne8
22.Ne4 Bg7 23.Nxc5 Kf8 24.Rd7 g5 25.Bxg5 Bxe5 26.Bh6+ Bg7 27.Bxg7+ Nxg7
28.Rxa7 Ne8 29.Nd7+ Ke7 30.Ne5+ Kf6 31.f4 {#r} 1-0

[Event "Portugal Open 2017"]
[Site "masterchessopen.com Lisbon POR"]
[Date "2017.02.09"]
[Round "8.14"]
[White "Alberto,M ANG"]
[Black "Teske,H"]
[Result "0-1"]
[WhiteElo "2174"]
[BlackElo "2481"]

1.e4 c6 2.d4 d5 3.e5 Bf5 4.g4 Bg6 5.Nh3 e6 6.Nf4 Ne7 7.h4 h5 8.gxh5 Be4 9.Rh3
c5 10.Nc3 Bf5 11.Rg3 Nd7 12.Nb5 Nc6 13.c4 dxc4 14.Rg5 Qa5+ 15.Bd2 Qxb5 16.d5
Ncxe5 17.Rxf5 exf5 18.Bc3 O-O-O 19.b3 Re8 20.Kd2 Bd6 21.Kc2 Nb6 22.Rb1 Re7
23.Ng2 cxb3+ 24.axb3 Qd7 25.Ra1 Bb8 26.f4 Ng4 27.d6 Qxd6 28.Bd3 Rxh5 29.Rxa7
Nf2 {#R} 0-1

[Event "Portugal Open 2017"]
[Site "masterchessopen.com Lisbon POR"]
[Date "2017.02.09"]
[Round "8.15"]
[White "Guerra,Vic"]
[Black "Campora,D"]
[Result "0-1"]
[WhiteElo "2130"]
[BlackElo "2450"]

1.d4 Nf6 2.c4 e5 3.dxe5 Ng4 4.e4 Nxe5 5.f4 Nec6 6.Nc3 Bc5 7.Nf3 d6 8.Na4 Bb4+
9.Bd2 O-O 10.Bd3 Bg4 11.O-O Nd7 12.h3 Bxf3 13.Rxf3 Bxd2 14.Qxd2 Nc5 15.Bc2
Nxa4 16.Bxa4 Qf6 17.Bxc6 bxc6 18.Re1 Rfe8 19.Re2 h6 20.Ra3 a6 21.Ra5 c5 22.e5
dxe5 23.Rxe5 Rxe5 24.fxe5 Qxe5 25.Qf2 Rd8 26.g4 Rd1+ 27.Kg2 Qe4+ 28.Kh2 Qh1+
{#R} 0-1

[Event "Portugal Open 2017"]
[Site "masterchessopen.com Lisbon POR"]
[Date "2017.02.09"]
[Round "8.16"]
[White "Derakhshani,D"]
[Black "Dantas,C"]
[Result "1-0"]
[WhiteElo "2373"]
[BlackElo "2159"]

1.e4 e5 2.Nf3 Nc6 3.Bb5 g6 4.d4 exd4 5.Bg5 Be7 6.Bxe7 Qxe7 7.O-O Qc5 8.Bxc6
dxc6 9.Qxd4 Qxd4 10.Nxd4 Bd7 11.Nc3 O-O-O 12.Rad1 Nf6 13.Rd3 Rhe8 14.Re1 Re7
15.h3 Nd5 16.Nb3 Nxc3 17.Rxc3 b6 18.f4 h5 19.Kf2 c5 20.Kg3 Ba4 21.Re2 Bb5
22.Re1 Ba4 23.e5 a5 24.Re2 Bxb3 25.Rxb3 Rd4 26.Rbe3 Kd7 27.c3 Rd1 28.Kf3 Ke6
29.g4 Rf1+ 30.Rf2 hxg4+ 31.hxg4 Rg1 32.Rd3 Re8 33.Rg2 Re1 34.Rgd2 Re7 35.Rd6+
{#r} 1-0

[Event "Portugal Open 2017"]
[Site "masterchessopen.com Lisbon POR"]
[Date "2017.02.09"]
[Round "8.17"]
[White "Rey Malde,H"]
[Black "Ozer,Omer Faruk"]
[Result "0-1"]
[WhiteElo "2126"]
[BlackElo "2344"]

1.e4 c5 2.Nf3 e6 3.d4 cxd4 4.Nxd4 Nf6 5.Nc3 Nc6 6.Nxc6 bxc6 7.e5 Nd5 8.Ne4 Qc7
9.f4 Rb8 10.c4 Bb4+ 11.Ke2 O-O 12.cxd5 cxd5 13.Nf2 f6 14.exf6 Rxf6 15.Be3 Rxf4
16.g3 Ba6+ 17.Nd3 Re4 18.Bg2 Qe5 19.Bxe4 dxe4 20.Kf2 exd3 21.Bf4 Qe4 22.Qf3
Bc5+ {#R} 0-1

[Event "Portugal Open 2017"]
[Site "masterchessopen.com Lisbon POR"]
[Date "2017.02.09"]
[Round "8.19"]
[White "Santos,AntonioP"]
[Black "Reis,Luis So"]
[Result "1-0"]
[WhiteElo "2248"]
[BlackElo "2149"]

1.d4 d5 2.c4 e5 3.dxe5 d4 4.Nf3 Nc6 5.g3 Be6 6.Nbd2 Qd7 7.a3 a5 8.Bg2 Bh3
9.O-O h5 10.Nb3 h4 11.e6 Bxe6 12.Nbxd4 Rd8 13.Nxe6 Qxe6 14.Qb3 hxg3 15.hxg3
Bd6 16.Bg5 f6 17.Qe3 Ne5 18.Nxe5 Bxe5 19.Bf4 Ne7 20.Bxe5 fxe5 21.Rfd1 Kf7
22.Qf3+ Kg6 23.Qxb7 Nf5 24.Qe4 Kf6 25.e3 g6 26.b4 Nd6 27.Qd5 Qg4 28.c5 Nf5
29.Qf3 Qxf3 30.Bxf3 axb4 31.axb4 Rxd1+ 32.Rxd1 Rb8 33.Rb1 Ng7 34.b5 Ne6 35.b6
cxb6 36.Rxb6 Rc8 37.Bd5 {#r} 1-0

[Event "Portugal Open 2017"]
[Site "masterchessopen.com Lisbon POR"]
[Date "2017.02.09"]
[Round "8.21"]
[White "Santos,JoseAl"]
[Black "Cruz,Jor"]
[Result "1-0"]
[WhiteElo "2193"]
[BlackElo "2072"]

1.e4 c5 2.c3 d5 3.exd5 Qxd5 4.d4 Nf6 5.Nf3 e6 6.Na3 Nc6 7.Nb5 Qd8 8.dxc5 Bxc5
9.Qxd8+ Kxd8 10.Bf4 Nd5 11.O-O-O Ke7 12.Bg3 a6 13.Rxd5 exd5 14.Nc7 Be6 15.Nxa8
Rxa8 16.Bd3 h6 17.Re1 Kf8 18.Ne5 Rc8 19.Ng6+ Kg8 20.Nf4 Nd8 21.Bc2 d4 22.Nxe6
Nxe6 23.Bb3 Nf8 24.Bd5 dxc3 25.Bxb7 cxb2+ 26.Kxb2 Rd8 27.Bxa6 Rd2+ 28.Kb3 Bxf2
29.Bxf2 Rxf2 30.Bb7 Ne6 31.Bd5 Kf8 32.a4 Nc5+ 33.Ka3 Rd2 34.Bc6 g5 35.a5 Rc2
36.Re8+ Kg7 37.Rb8 f5 38.Rb5 h5 39.Bb7 Rc1 40.Rb2 Nd3 41.Rd2 Ra1+ 42.Ra2 Rc1
43.a6 Rb1 44.a7 Nc5 45.Bd5 {#r} 1-0

[Event "Portugal Open 2017"]
[Site "masterchessopen.com Lisbon POR"]
[Date "2017.02.09"]
[Round "8.22"]
[White "Carneiro,C"]
[Black "Veiga,Jose Francisco R P Neves"]
[Result "0-1"]
[WhiteElo "2182"]
[BlackElo "2069"]

1.d4 Nf6 2.c4 c5 3.d5 e6 4.Nc3 exd5 5.cxd5 d6 6.Nf3 g6 7.g3 Bg7 8.Bg2 O-O
9.O-O a6 10.a4 Re8 11.Nd2 Nbd7 12.h3 Rb8 13.Nc4 Nb6 14.Na3 Bd7 15.Bf4 Nh5
16.Bd2 Nc8 17.Nc4 b5 18.axb5 axb5 19.Na5 b4 20.Ne4 Qc7 21.g4 Nf6 22.Ng3 Bb5
23.Nc6 Rb7 24.Bg5 Ne7 25.Nxe7+ Rxe7 26.Qd2 Re8 27.Rfe1 Ra7 28.Rab1 Ra6 29.f4
h6 30.Bh4 Qd7 31.g5 Nh7 32.e4 hxg5 33.fxg5 Ra2 34.Qc1 Bd3 35.Qf4 Be5 36.Qf3
Bxb1 37.Rxb1 Rxb2 38.Rf1 Ra2 39.Ne2 Ra3 40.Qf2 Qa7 41.Kh1 c4 42.Qe1 Rb8 43.Bf2
Qd7 44.Bg3 Nxg5 45.Bxe5 dxe5 46.Qh4 Rxh3+ 47.Bxh3 Qxh3+ 48.Qxh3 Nxh3 {#R} 0-1

[Event "Portugal Open 2017"]
[Site "masterchessopen.com Lisbon POR"]
[Date "2017.02.09"]
[Round "8.23"]
[White "Strugnell,C"]
[Black "Bhawoodien,Mohamed Ozayr"]
[Result "1-0"]
[WhiteElo "2255"]
[BlackElo "2060"]

1.e4 e5 2.Nf3 Nc6 3.Bb5 a6 4.Ba4 Nf6 5.O-O Be7 6.Re1 b5 7.Bb3 O-O 8.h3 Bb7
9.d3 d5 10.exd5 Nxd5 11.Nc3 Nxc3 12.bxc3 Qd6 13.Qe2 Rae8 14.a4 Qg6 15.Bd5 Nd4
16.cxd4 Bxd5 17.dxe5 Bb4 18.Nh4 Qc6 19.axb5 axb5 20.Bd2 Bxd2 21.Qxd2 g6
22.Rac1 Qe6 23.f4 Kh8 24.Qf2 Ra8 25.Nf3 Bxf3 26.Qxf3 Ra2 27.c4 bxc4 28.Rxc4
Rb8 29.Re2 Rb1+ 30.Kh2 Raa1 31.Qc6 h5 32.Qxe6 fxe6 33.Kg3 Ra3 34.Rd2 Kh7
35.Rxc7+ Kh6 36.Rc6 Rf1 37.Rxe6 h4+ 38.Kg4 Ra4 39.Rf6 Rd4 40.Rf7 {#r} 1-0

[Event "Portugal Open 2017"]
[Site "masterchessopen.com Lisbon POR"]
[Date "2017.02.09"]
[Round "8.26"]
[White "Ferreira,Luis Pedro"]
[Black "Gomez Dieguez,D"]
[Result "0-1"]
[WhiteElo "2117"]
[BlackElo "2219"]

1.e4 e5 2.Nf3 Nc6 3.Bb5 a6 4.Ba4 Nf6 5.c3 Bc5 6.O-O b5 7.Bc2 d5 8.exd5 Qxd5
9.Bb3 Qd6 10.Nxe5 Nxe5 11.d4 Neg4 12.Re1+ Kf8 13.Qf3 Qxh2+ 14.Kf1 Qh4 15.Ke2
Bb7 16.Qxb7 Re8+ 17.Kd1 Nxf2+ 18.Kc2 Rxe1 19.dxc5 Qg4 20.Qf3 Re2+ 21.Bd2 Qe4+
22.Qxe4 N2xe4 23.a4 bxa4 24.Rxa4 Nxc5 25.Ra5 Nxb3 26.Kxb3 Rxg2 27.Rxa6 h5
28.c4 Ke7 29.Bf4 Rb8+ 30.Kc3 Rbxb2 31.Nd2 Rbxd2 32.Bxd2 Ne4+ 33.Kd3 Nxd2
34.Ra2 h4 {#R} 0-1

[Event "Portugal Open 2017"]
[Site "masterchessopen.com Lisbon POR"]
[Date "2017.02.09"]
[Round "8.27"]
[White "Gavrish,L"]
[Black "Leao,Tiago Miguel Da Silva"]
[Result "1-0"]
[WhiteElo "2212"]
[BlackElo "2044"]

1.d4 Nf6 2.c4 e6 3.Nc3 d5 4.cxd5 exd5 5.Bg5 c6 6.Qc2 Be7 7.e3 Nbd7 8.Bd3 O-O
9.Nf3 Re8 10.O-O Nf8 11.Rab1 a5 12.a3 Ng6 13.b4 axb4 14.axb4 Bd6 15.b5 h6
16.Bxh6 gxh6 17.Bxg6 fxg6 18.Qxg6+ Kh8 19.Qxh6+ Nh7 20.bxc6 bxc6 21.Ne5 Bxe5
22.dxe5 Re6 23.Qh5 Qe7 24.f4 Qc5 25.Nd1 Qc2 26.Nf2 Rg6 27.e4 Rg8 28.Rbc1 Qd2
29.Rxc6 Qxf4 30.Rc7 Rg7 31.Rxg7 Kxg7 32.exd5 Qd4 33.e6 Ra1 34.g3 Ba6 35.Rxa1
Qxa1+ 36.Nd1 Qd4+ 37.Nf2 Qa1+ 38.Qd1 Qxd1+ 39.Nxd1 Kf6 40.h4 Ke5 41.Ne3 Bb7
42.e7 Nf6 43.Ng4+ Kd6 44.Nxf6 Kxe7 45.Ng4 Bxd5 46.Kf2 Kf7 47.Ke3 Kg6 48.Kf4
Bb3 49.Ke5 Bd1 50.Kf4 Bb3 51.Ne3 Kh5 52.g4+ Kxh4 53.Nf5+ Kh3 54.g5 Bf7 55.Ke5
Kg4 56.Kf6 Be6 57.Ne3+ Kh5 58.g6 Kh6 59.Nc2 Bd7 60.Nd4 Bg4 61.g7 Kh7 62.Kf7
Bh5+ 63.Kf8 {#r} 1-0

[Event "Portugal Open 2017"]
[Site "masterchessopen.com Lisbon POR"]
[Date "2017.02.09"]
[Round "8.30"]
[White "Ferreira,P"]
[Black "Stahl,C"]
[Result "0-1"]
[WhiteElo "2016"]
[BlackElo "2167"]

1.d4 d5 2.Nc3 c6 3.Bf4 Nf6 4.Nf3 Qb6 5.Na4 Qd8 6.Ne5 e6 7.e3 Nbd7 8.Bd3 Nxe5
9.Bxe5 Nd7 10.Bg3 f5 11.O-O Be7 12.b3 O-O 13.c4 Nf6 14.f3 Bd7 15.Rc1 Qe8
16.Nc3 Kh8 17.e4 Bb4 18.cxd5 exd5 19.e5 Nh5 20.f4 Nxg3 21.hxg3 Be6 22.g4 g6
23.g5 Kg7 24.Qf3 Rh8 25.Nd1 h6 26.Ne3 Qe7 27.g4 fxg4 28.Nxg4 hxg5 29.f5 gxf5
30.Bxf5 Bd2 31.Rcd1 Bf4 32.Bb1 Rh4 33.Nf2 Rf8 34.Qg2 Be3 35.Rd3 Rg4 36.Rxe3
Rxg2+ 37.Kxg2 Qf7 38.Bd3 Qf4 39.Rg3 Qd2 40.Bb1 g4 41.Kg1 Qxd4 42.Kg2 Qd2
43.Kg1 Rf3 44.Rg2 Kf7 45.Rd1 Qe3 46.Rd3 Qe1+ {#R} 0-1

[Event "Portugal Open 2017"]
[Site "masterchessopen.com Lisbon POR"]
[Date "2017.02.09"]
[Round "8.31"]
[White "Sousa,H"]
[Black "Okamura,M"]
[Result "0-1"]
[WhiteElo "2165"]
[BlackElo "2034"]

1.e4 c5 2.Nf3 e6 3.d4 cxd4 4.Nxd4 Nc6 5.Nc3 Qc7 6.Be3 a6 7.Qd2 Nf6 8.O-O-O Bb4
9.f3 Ne5 10.Nb3 b5 11.Qe1 Nc4 12.Bd4 Bb7 13.Nxb5 Qf4+ 14.Nd2 axb5 15.c3 Be7
16.e5 Nd5 17.g3 Qh6 18.Kb1 Nde3 19.Nxc4 Nxc4 20.Qf2 O-O 21.Ka1 Bd5 22.b3 Na5
23.Kb2 Rfb8 24.h4 Nc6 25.Be3 Qh5 26.Be2 f6 27.exf6 Bxf6 28.g4 Qe5 29.Rd3 b4
30.Rc1 bxc3+ 31.Rdxc3 Qd6 32.Bc5 Qf4 33.Bd1 Nb4 34.Bxb4 Qxb4 35.Qd2 Rc8 36.g5
Bxc3+ 37.Rxc3 Rxc3 38.Qxc3 Rxa2+ {#R} 0-1

[Event "83rd ch-BRA 2017"]
[Site "masterchessopen.com Rio de Janeiro BRA"]
[Date "2017.02.09"]
[Round "4.1"]
[White "Fier,A"]
[Black "Jatoba de Oliveira Reis,P"]
[Result "1-0"]
[WhiteElo "2581"]
[BlackElo "2397"]

1.d4 Nf6 2.c4 e6 3.Nc3 Bb4 4.e3 O-O 5.Ne2 c6 6.a3 Ba5 7.Ng3 d5 8.Be2 Nbd7
9.O-O dxc4 10.Bxc4 e5 11.Bb3 exd4 12.exd4 Bc7 13.Bc2 Re8 14.Bg5 h6 15.Be3 Nb6
16.Qd3 Nbd5 17.Nxd5 cxd5 18.f3 Bd6 19.Rac1 Bd7 20.Qd2 Qb6 21.Nf5 Bf8 22.Bf4
Rac8 23.Ne3 Be6 24.Be5 Be7 25.Nf5 Bxf5 26.Bxf5 Rxc1 27.Rxc1 Bd6 28.Bxf6 gxf6
29.g3 Kg7 30.Kg2 Qb5 31.Rc2 Re7 32.Qd1 Rc7 33.Rd2 Re7 34.f4 Bc7 35.Rc2 Qb3
36.Qg4+ Kf8 37.Bh7 {#r} 1-0

[Event "83rd ch-BRA 2017"]
[Site "masterchessopen.com Rio de Janeiro BRA"]
[Date "2017.02.09"]
[Round "4.2"]
[White "El Debs,F"]
[Black "Pinto,C"]
[Result "1-0"]
[WhiteElo "2523"]
[BlackElo "2121"]

1.e4 e6 2.d4 d5 3.Nd2 Nf6 4.e5 Nfd7 5.Bd3 c5 6.c3 Nc6 7.Ne2 cxd4 8.cxd4 a5
9.O-O a4 10.Nf3 Nb6 11.Nf4 g6 12.h4 Be7 13.g3 Bd7 14.Nh3 a3 15.bxa3 Na5 16.Bh6
Nac4 17.Nfg5 Nb2 18.Qf3 Bxg5 19.Nxg5 Qe7 20.Rfb1 Nxd3 21.Rxb6 Rxa3 22.Rb3 Nxe5
23.dxe5 {#r} 1-0

[Event "83rd ch-BRA 2017"]
[Site "masterchessopen.com Rio de Janeiro BRA"]
[Date "2017.02.09"]
[Round "4.3"]
[White "Matsuura,E"]
[Black "Quintiliano Pinto,R"]
[Result "1-0"]
[WhiteElo "2480"]
[BlackElo "2491"]

1.e4 c5 2.c4 Nc6 3.Ne2 g6 4.d4 cxd4 5.Nxd4 Bg7 6.Be3 Nf6 7.Nc3 d6 8.Be2 O-O
9.O-O Nxd4 10.Bxd4 Bd7 11.h3 Bc6 12.Qc2 a5 13.Rad1 Nd7 14.Bxg7 Kxg7 15.Bg4 Nc5
16.e5 f5 17.Be2 f4 18.Nd5 Bxd5 19.Rxd5 e6 20.Rxd6 Qg5 21.Qc3 Na4 22.Qd4 {#r}
1-0

[Event "83rd ch-BRA 2017"]
[Site "masterchessopen.com Rio de Janeiro BRA"]
[Date "2017.02.09"]
[Round "4.4"]
[White "Macedo,MIa"]
[Black "Souza Neves,A"]
[Result "1-0"]
[WhiteElo "2366"]
[BlackElo "2218"]

1.d4 Nf6 2.c4 e6 3.Nc3 Bb4 4.Qc2 O-O 5.a3 Bxc3+ 6.Qxc3 b6 7.Bg5 Bb7 8.f3 d5
9.e3 Nbd7 10.Nh3 h6 11.Bh4 c5 12.dxc5 bxc5 13.O-O-O Qb6 14.Be2 e5 15.Nf2 d4
16.Qd2 Bc6 17.e4 Ba4 18.Rdg1 Bb3 19.Kb1 Qe6 20.Qd3 Rfb8 21.Ka1 Qa6 22.Rb1 Rb4
23.Rhc1 Rab8 24.Bd1 Bxd1 25.Qxd1 Rxc4 26.Qd3 Ra4 27.Qxa6 Rxa6 28.Nd3 g5 29.Bg3
Rc8 30.Nxe5 Nxe5 31.Bxe5 Re6 32.Bxd4 Rec6 33.Be3 a5 34.Rc4 Nd7 35.Rbc1 f5
36.exf5 Re8 37.Re4 Rec8 38.Re7 Nf6 39.Re5 Nd7 40.Rd5 R6c7 41.Rcd1 Nb6 42.Rd8+
Rxd8 43.Rxd8+ Kf7 44.Bd2 Nc4 45.Bc3 Re7 46.Rc8 Re2 47.Rxc5 Ne3 48.Rxa5 Rxg2
49.Ra7+ Kg8 50.f6 Nd5 51.f7+ Kf8 52.Be5 Ne7 53.Bd6 {#r} 1-0

[Event "83rd ch-BRA 2017"]
[Site "masterchessopen.com Rio de Janeiro BRA"]
[Date "2017.02.09"]
[Round "4.5"]
[White "Nogueira,I"]
[Black "Carneiro,Vitor Roberto Castro"]
[Result "1-0"]
[WhiteElo "2308"]
[BlackElo "2426"]

1.e4 c6 2.d4 d5 3.exd5 cxd5 4.Bd3 Nc6 5.c3 Qc7 6.Ne2 Bg4 7.f3 Bd7 8.Bf4 e5
9.dxe5 Nxe5 10.O-O Bd6 11.Qd2 Ne7 12.Kh1 O-O 13.Na3 a6 14.Nc2 Rac8 15.Ncd4
Rfe8 16.Bg3 Qb6 17.a4 Bb8 18.Nf4 Qh6 19.Rfd1 Rcd8 20.Nfe2 Qf6 21.Qf4 Qb6
22.Qd2 N7g6 23.b3 Qf6 24.Nf4 Nxf4 25.Bxf4 Nxf3 26.Nxf3 Bxf4 27.Qc2 g6 28.Rf1
Qg7 29.g3 Be3 30.Rad1 Rc8 31.c4 b5 32.axb5 axb5 33.Qa2 dxc4 34.Bxc4 Ra8 35.Qc2
bxc4 36.Rxd7 Ra1 37.Qxc4 Qf6 38.Qe2 Rxf1+ 39.Qxf1 Ra8 40.Qe2 Qc6 41.Rd3 Re8
42.Kg2 Bb6 43.Qd2 Re6 44.Rc3 Qe8 45.Rc2 Qa8 46.Qc3 Qe4 47.Qc8+ Kg7 48.Qc4 Qf5
49.Re2 Rf6 50.Qe4 Re6 51.Qc4 Rd6 52.Qe4 Re6 53.Qc4 Rf6 54.Qe4 Qb5 55.Qc4 Qd7
56.Qc3 h5 57.Qe5 Qd3 58.Ng5 Qd1 59.Re1 Qc2+ 60.Kh3 Qf2 61.Ne4 Bd4 62.Qxf6+
{#r} 1-0

[Event "83rd ch-BRA 2017"]
[Site "masterchessopen.com Rio de Janeiro BRA"]
[Date "2017.02.09"]
[Round "4.6"]
[White "Mekhitarian,K"]
[Black "De Paula,Rafael Figueiredo"]
[Result "1-0"]
[WhiteElo "2561"]
[BlackElo "2322"]

1.e4 c5 2.Nf3 e6 3.d4 cxd4 4.Nxd4 a6 5.Nc3 b5 6.Bd3 Qb6 7.Nf3 Qc7 8.O-O Bb7
9.Re1 Nc6 10.Bf1 d6 11.Bg5 f6 12.Bd2 Nge7 13.a4 bxa4 14.Bc4 Nd8 15.Rxa4 Nc8
16.Bb3 Nb6 17.Ra1 g6 18.Nd4 e5 19.Ne6 Nxe6 20.Bxe6 Ke7 21.Bb3 Bg7 22.Be3 Kf8
23.Qd3 Nd7 24.Red1 Rc8 25.Qxd6+ Qxd6 26.Rxd6 Nc5 27.Bxc5 Rxc5 28.Rd7 {#r} 1-0

[Event "83rd ch-BRA 2017"]
[Site "masterchessopen.com Rio de Janeiro BRA"]
[Date "2017.02.09"]
[Round "5.1"]
[White "De Paula,Rafael Figueiredo"]
[Black "Fier,A"]
[Result "0-1"]
[WhiteElo "2322"]
[BlackElo "2581"]

1.e4 c5 2.Nf3 d6 3.d4 cxd4 4.Nxd4 Nf6 5.Nc3 Nc6 6.Bc4 Qb6 7.Nb3 e6 8.a4 Be7
9.O-O O-O 10.a5 Qc7 11.f4 Rd8 12.Bd3 Nb4 13.Qe2 e5 14.Ra4 Nxd3 15.Qxd3 Bd7
16.Rc4 Bc6 17.f5 Qd7 18.Qg3 Kh8 19.Rd1 b5 20.axb6 axb6 21.Bg5 Nh5 22.Qh4 Bxg5
23.Qxh5 b5 24.Rb4 Be3+ 25.Kf1 Qb7 26.Rd3 Bh6 27.f6 Qd7 28.Rh3 Qe6 29.fxg7+
Kxg7 30.Nd5 Ra4 31.Rxa4 bxa4 32.Na5 Bd7 33.Nc7 Qf6+ 34.Rf3 Bf4 35.g3 Qh6
36.Qxh6+ Bxh6 37.Nd5 Bc1 38.Nb7 Bb5+ 39.c4 Bxc4+ 40.Ke1 Rd7 41.Na5 Bxd5
42.exd5 Bxb2 43.Nc4 a3 44.Nxa3 Bxa3 45.Rxa3 Kf6 46.Ra8 Kf5 47.Ke2 Ke4 48.Rh8
f5 49.Rf8 Ra7 {#R} 0-1

[Event "83rd ch-BRA 2017"]
[Site "masterchessopen.com Rio de Janeiro BRA"]
[Date "2017.02.09"]
[Round "5.2"]
[White "Carneiro,Vitor Roberto Castro"]
[Black "Mekhitarian,K"]
[Result "1-0"]
[WhiteElo "2426"]
[BlackElo "2561"]

1.Nf3 Nf6 2.g3 d5 3.Bg2 g6 4.O-O Bg7 5.d3 O-O 6.Nbd2 c5 7.e4 Nc6 8.Re1 e6 9.c3
a5 10.a4 b6 11.exd5 exd5 12.Nf1 Be6 13.Bf4 Nh5 14.Bg5 Qd7 15.Qd2 Rae8 16.d4
cxd4 17.Nxd4 Nxd4 18.cxd4 Bh3 19.Bxh3 Qxh3 20.Be7 Nf6 21.Bxf8 Rxf8 22.f3 Ne8
23.Qf4 Qd7 24.Ne3 Nd6 25.Rad1 Nc4 26.b3 Nxe3 27.Qxe3 h5 28.Kg2 Bf6 29.Qf4 Kg7
30.Rc1 Rc8 31.Qe3 Rxc1 32.Rxc1 Qd6 33.g4 hxg4 34.fxg4 Qa3 35.Rf1 g5 36.h4 gxh4
37.g5 Qb2+ 38.Kh1 Bxd4 39.Qe7 Qc3 40.Qxf7+ Kh8 41.Qf8+ Kh7 42.Qh6+ {#r} 1-0

[Event "83rd ch-BRA 2017"]
[Site "masterchessopen.com Rio de Janeiro BRA"]
[Date "2017.02.09"]
[Round "5.3"]
[White "Souza Neves,A"]
[Black "Nogueira,I"]
[Result "0-1"]
[WhiteElo "2218"]
[BlackElo "2308"]

1.d4 Nf6 2.Nf3 c5 3.d5 c4 4.Nc3 Qa5 5.Bd2 Nxd5 6.e4 Nxc3 7.Bxc3 Qc5 8.Qd4 Qxd4
9.Nxd4 a6 10.Bxc4 e6 11.a4 Nc6 12.Nxc6 dxc6 13.O-O Bd7 14.a5 c5 15.f4 Bb5
16.b3 Bxc4 17.bxc4 f6 18.Rab1 O-O-O 19.e5 Be7 20.Rb6 fxe5 21.Rxe6 Bf6 22.Bxe5
Rhe8 23.Rxe8 Rxe8 24.Re1 Rd8 25.Bxf6 gxf6 26.Re6 Rd4 27.Rxf6 Rxc4 28.Kf2 Rxc2+
29.Kf3 Ra2 30.f5 c4 31.Rf8+ Kd7 32.f6 Rxa5 33.Rf7+ Ke6 34.Rxb7 Rc5 35.Ke4 Kxf6
36.Rb6+ Kg5 37.g3 c3 38.Rb1 c2 39.Rc1 Kg4 40.Ke3 Kh3 41.Kf4 h5 42.Kf3 a5 {#R}
0-1

[Event "83rd ch-BRA 2017"]
[Site "masterchessopen.com Rio de Janeiro BRA"]
[Date "2017.02.09"]
[Round "5.4"]
[White "Quintiliano Pinto,R"]
[Black "Macedo,MIa"]
[Result "1-0"]
[WhiteElo "2491"]
[BlackElo "2366"]

1.Nf3 Nf6 2.d4 g6 3.c4 c5 4.d5 b5 5.Qc2 Na6 6.Nc3 bxc4 7.e4 Bg7 8.Bxc4 O-O
9.Qe2 Nc7 10.e5 Nfe8 11.Bg5 f6 12.d6+ Ne6 13.dxe7 Qxe7 14.Nd5 Qd8 15.Bh4 Qa5+
16.Nc3 fxe5 17.O-O-O Kh8 18.Nxe5 Nf4 19.Qe4 d5 20.Bxd5 Nd6 21.Qe1 Nxg2 22.Bxg2
Bf5 23.Rxd6 Bh6+ 24.Kd1 Qb4 25.Qe2 Rab8 26.Be4 Bg7 27.Nc6 Qxb2 28.Qxb2 Rxb2
29.Bxf5 Bxc3 30.Be6 g5 31.Bg3 {#r} 1-0

[Event "83rd ch-BRA 2017"]
[Site "masterchessopen.com Rio de Janeiro BRA"]
[Date "2017.02.09"]
[Round "5.5"]
[White "Pinto,C"]
[Black "Matsuura,E"]
[Result "0-1"]
[WhiteElo "2121"]
[BlackElo "2480"]

1.Nf3 d5 2.g3 Nf6 3.Bg2 g6 4.b3 Bg7 5.Bb2 c5 6.O-O O-O 7.d3 Nc6 8.Nbd2 Qc7
9.e4 d4 10.a3 e5 11.h3 Rb8 12.a4 b6 13.Bc1 a6 14.Nc4 Nd7 15.Nh2 b5 16.Nd2 Nb6
17.f4 exf4 18.gxf4 f5 19.axb5 axb5 20.Ndf3 fxe4 21.dxe4 d3 22.e5 dxc2 23.Qxc2
Nb4 24.Qe2 Bf5 25.Rd1 N6d5 26.Bd2 Bd3 27.Qf2 Nxf4 28.Bxf4 Rxf4 29.Qe3 Re4
30.Qg5 Bxe5 31.Ng4 Bxa1 32.Rxa1 Rxg4 33.hxg4 Re8 34.Rc1 c4 35.Qxb5 Rb8 36.Qg5
Qb6+ 37.Kh1 cxb3 38.Ne5 b2 39.Nxd3 bxc1=Q+ 40.Nxc1 Qd6 41.Ne2 Re8 42.Qb5 Re5
43.Qc4+ Kg7 44.Qc3 Qc5 45.Qa1 Nd3 46.Nd4 Qc1+ 47.Qxc1 Nxc1 48.Kh2 Nd3 49.Kg3
Re3+ 50.Bf3 Ne1 51.Kf2 Nxf3 52.Nxf3 Ra3 53.g5 Kf7 54.Kg3 Ke6 {#R} 0-1

[Event "83rd ch-BRA 2017"]
[Site "masterchessopen.com Rio de Janeiro BRA"]
[Date "2017.02.09"]
[Round "5.6"]
[White "Jatoba de Oliveira Reis,P"]
[Black "El Debs,F"]
[Result "0-1"]
[WhiteElo "2397"]
[BlackElo "2523"]

1.Nf3 Nf6 2.g3 b6 3.Bg2 Bb7 4.O-O c5 5.c4 g6 6.b3 Bg7 7.Bb2 O-O 8.Nc3 d6 9.e3
e6 10.d4 Qe7 11.d5 exd5 12.cxd5 Na6 13.Nd2 Nc7 14.Nc4 Ba6 15.a4 Nd7 16.Re1
Rfe8 17.Qd2 Ne5 18.Nxe5 Bxe5 19.f4 Bg7 20.Ne4 Bb7 21.Bxg7 Kxg7 22.Qb2+ f6
23.Nc3 f5 24.Ne4+ Kf7 25.Ng5+ Kg8 26.e4 Qg7 27.Qxg7+ Kxg7 28.e5 dxe5 29.d6
Bxg2 30.Kxg2 h6 31.Nf3 e4 32.dxc7 exf3+ 33.Kxf3 Rxe1 34.Rxe1 Kf7 35.Ke3 Rc8
36.Kd3 Rxc7 37.Kc4 Rd7 38.a5 Rd4+ 39.Kb5 Rb4+ 40.Kc6 bxa5 41.Re3 c4 42.bxc4
Rxc4+ 43.Kb5 Re4 44.Rc3 g5 45.fxg5 Re5+ 46.Kc4 hxg5 47.h4 Kg6 48.Kd4 Re4+
49.Kd3 gxh4 50.gxh4 Rxh4 51.Rc6+ Kg5 52.Ra6 a4 53.Ke3 Rh3+ 54.Kf2 a3 55.Rxa7
Kg4 56.Ra4+ f4 57.Ra8 Rh2+ 58.Kg1 Ra2 59.Rg8+ Kf3 60.Rc8 Ra1+ 61.Kh2 Re1 {#R}
0-1